| Tag |
First Indicator |
Second Indicator |
Subfields |
| LEADER |
00000cam a2200000 a 4500 |
| 001 |
in00000018957 |
| 005 |
20151007054121.0 |
| 008 |
870209s1987 ilua b 00110 eng |
| 010 |
|
|
|a 87004207
|
| 020 |
|
|
|a 0880112883 (pbk.) :
|c $12.95
|
| 035 |
|
|
|a (OCoLC)15252844
|
| 035 |
|
|
|9 AAB4038AM
|
| 040 |
|
|
|a DLC
|c DLC
|d TXA
|d UtOrBLW
|
| 049 |
|
|
|a TXAM
|c [A11494146]
|
| 050 |
0 |
0 |
|a GV854
|b .Y33 1987
|
| 082 |
0 |
|
|a 796.93
|2 19
|
| 100 |
1 |
|
|a Yacenda, John,
|d 1947-
|
| 245 |
1 |
0 |
|a High performance skiing /
|c John Yacenda.
|
| 264 |
|
1 |
|a Champaign, Ill. :
|b Leisure Press,
|c [1987]
|
| 264 |
|
4 |
|c ©1987
|
| 300 |
|
|
|a xxi, 290 pages :
|b illustrations ;
|c 23 cm.
|
| 336 |
|
|
|a text
|b txt
|2 rdacontent
|
| 337 |
|
|
|a unmediated
|b n
|2 rdamedia
|
| 338 |
|
|
|a volume
|b nc
|2 rdacarrier
|
| 504 |
|
|
|a Bibliography: page 285.
|
| 500 |
|
|
|a Includes index.
|
| 650 |
|
0 |
|a Skis and skiing.
|
| 999 |
|
|
|a MARS
|
| 999 |
f |
f |
|s 8deea28d-a3c5-36af-b815-672576d4a43b
|i 1ffe0163-9dc9-35c4-be19-614a336ef9cb
|t 0
|
| 952 |
f |
f |
|p ric
|a Texas A&M University
|b Rellis Campus
|c Joint Library Facility
|d Remote Storage
|t 0
|e GV854 .Y33 1987
|h Library of Congress classification
|i unmediated -- volume
|m A14811494146
|
| 998 |
f |
f |
|a GV854 .Y33 1987
|t 0
|l Remote Storage
|